|
|
|
|
| LEADER |
01054nam a2200253 a 4500 |
| 001 |
2630315 |
| 008 |
100830s2000 gaua bf 001 0 eng d |
| 999 |
|
|
|c 9410
|d 9410
|
| 010 |
|
|
|a 99024111
|
| 020 |
|
|
|a 0881732591 (FP)
|
| 020 |
|
|
|a 0130859125 (PH)
|
| 040 |
|
|
|a DLC
|c DLC
|d DLC
|d DB-DhAAL
|
| 082 |
0 |
0 |
|a 658.2
|2 21
|
| 100 |
1 |
|
|a Waltz, James P.
|9 32092
|
| 245 |
1 |
0 |
|a Computerized building energy simulation handbook /
|c James P. Waltz.
|
| 260 |
|
|
|a Lilburn, GA :
|b Fairmont Press ;
|a Upper Saddle River, NJ :
|b Distributed by Prentice Hall PTR,
|c c2000.
|
| 300 |
|
|
|a x, 211 p. :
|b ill. ;
|c 24 cm.
|
| 504 |
|
|
|a Includes bibliographical references (p. 207-208) and index.
|
| 526 |
|
|
|a ARC
|
| 541 |
1 |
|
|e 00020878
|
| 650 |
|
0 |
|a Buildings
|x Energy conservation
|x Computer simulation
|v Handbooks, manuals, etc.
|9 32093
|
| 852 |
4 |
|
|a Ayesha Abed Library
|j General Shelf.
|
| 942 |
|
|
|2 ddc
|c BK
|
| 952 |
|
|
|0 0
|1 0
|2 ddc
|4 0
|6 658_200000000000000_WAL_2000
|7 0
|9 11827
|a BRACUL
|b BRACUL
|c GEN
|d 2010-09-15
|e TRIM EDUCATION
|g 18550.00
|l 0
|o 658.2 WAL
|p 3010020878
|r 2010-09-15
|t 1
|w 2010-09-15
|y BK
|